[Event "Tarragona-chB"]
[Site "Tarragona"]
[Date "2017.10.08"]
[Round "1"]
[White "Carrete Recasens, Jordi"]
[Black "Guasch Guasch, Jan"]
[Result "1-0"]
[WhiteElo "1713"]
[BlackElo "1418"]
[PlyCount "110"]
[EventDate "2017.10.08"]
[EventType "swiss"]
[EventRounds "9"]
[EventCountry "ESP"]
[SourceTitle "CBM 181 Extra"]
[Source "ChessBase"]
[SourceDate "2017.12.12"]
[SourceVersion "1"]
[SourceVersionDate "2017.12.12"]
[SourceQuality "1"]

1. e4 d6 2. d4 Nf6 3. Nc3 g6 4. Nf3 Bg7 5. Be2 Nbd7 6. h3 e5 7. dxe5 dxe5 8. Bg5 h6 9. Bh4 g5 10. Bg3 Nh5 11. Bh2 Nf4 12. g3 Nxh3 13. Bf1 g4 14. Bxh3 gxh3 15. Qd3 c6 16. 0-0-0 Qe7 17. Nd2 Nc5 18. Qf3 h5 19. Qe3 Bh6 20. f4 Bg4 21. Rdf1 0-0-0 22. a3 Rd7 23. b4 Ne6 24. Qxa7 Nc7 25. Na4 Nb5 26. Qa8+ Kc7 27. Qxh8 Qd6 28. Nc4 Qd4 29. Qxe5+ Qxe5 30. Nxe5 Re7 31. Nxg4 hxg4 32. Nc5 b6 33. a4 Nc3 34. Kb2 Bg7 35. e5 bxc5 36. Kxc3 cxb4+ 37. Kxb4 f6 38. exf6 Bxf6 39. Re1 Rd7 40. Rd1 Re7 41. Rhe1 Rf7 42. Re6 Be7+ 43. Kc4 Ba3 44. Kb3 Bc5 45. a5 Rf8 46. Rg6 Rb8+ 47. Ka2 Bf8 48. Rxg4 Ra8 49. Rg5 Bh6 50. Rh5 Rh8 51. a6 Bg7 52. Rxh8 Bxh8 53. Rh1 Kb6 54. Bg1+ Kxa6 55. Rxh3 Bg7 1-0

[Event "Tarragona Province-chB"]
[Site "L'Hospitalet Infant"]
[Date "2016.10.30"]
[Round "5"]
[White "Cabrero Font, David"]
[Black "Guasch Guasch, Jan"]
[Result "1-0"]
[WhiteElo "1681"]
[BlackElo "1442"]
[PlyCount "83"]
[EventDate "2016.10.02"]
[EventType "swiss"]
[EventRounds "9"]
[EventCountry "ESP"]
[SourceTitle "EXT 2018"]
[Source "ChessBase"]
[SourceDate "2017.10.13"]
[SourceVersion "1"]
[SourceVersionDate "2017.10.13"]
[SourceQuality "1"]

1. d4 Nf6 2. Bg5 g6 3. Bxf6 exf6 4. e3 Bg7 5. g3 f5 6. Bg2 d5 7. Ne2 b6 8. c4 c6 9. cxd5 cxd5 10. Nbc3 Bb7 11. Nf4 Nd7 12. 0-0 Nf6 13. Qa4+ Qd7 14. Qxd7+ Kxd7 15. Nfxd5 Bxd5 16. Nxd5 Ne4 17. Nc3 Rhe8 18. Rfc1 Rac8 19. Kf1 Bf8 20. Ke2 Bb4 21. Nd5 Bf8 22. Bxe4 fxe4 23. Nf6+ Kd6 24. Nxe8+ Rxe8 25. Rc2 Kd7 26. Rac1 Bd6 27. b4 b5 28. a3 a6 29. Rc6 Ra8 30. Rb6 Bc7 31. Rb7 Rc8 32. Ra7 f5 33. Rxa6 Rb8 34. Rcc6 Rb7 35. Kd2 Ke7 36. Kc3 Kd7 37. Kb3 Ke7 38. a4 bxa4+ 39. Kxa4 Kd7 40. b5 Ke7 41. Kb4 Kd7 42. Kc5 1-0